书目信息 |
| 题名: |
遥感数字图像分析导论
|
|
| 作者: | 约翰·a·理查兹 著 ;张钧萍 , 谷延锋 , 陈雨时 译 | |
| 分册: | ||
| 出版信息: | 北京 电子工业出版社 2015.3 |
|
| 页数: | 11,351页 | |
| 开本: | 26cm | |
| 丛书名: | 国防电子信息技术丛书 | |
| 单 册: | ||
| 中图分类: | TP751.1 | |
| 科图分类: | ||
| 主题词: | 遥感图象--Yao Gan Tu Xiang--数字图象处理 , 数字图象处理--Shu Zi Tu Xiang Chu Li | |
| 电子资源: | ||
| ISBN: | 978-7-121-24991-4 | |
| 000 | 01459nam0 22003371 450 | |
| 001 | 349508 | |
| 005 | 20161010155621.89 | |
| 010 | @a978-7-121-24991-4@dCNY69.00 | |
| 100 | @a20150403d2015 em y0chiy50 ea | |
| 101 | 0 | @achi |
| 102 | @aCN@b110000 | |
| 105 | @aa z 000yy | |
| 106 | @ar | |
| 200 | 1 | @a遥感数字图像分析导论@AYao Gan Shu Zi Tu Xiang Fen Xi Dao Lun@dRemote sensing digital image analysis an introduction@f(澳)John A. Richards著@g张钧萍,谷延锋,陈雨时译@zeng |
| 205 | @a2版 | |
| 210 | @a北京@c电子工业出版社@d2015.3 | |
| 215 | @a11,351页@c彩图@d26cm | |
| 225 | 2 | @a国防电子信息技术丛书@AGuo Fang Dian Zi Xin Xi Ji Shu Cong Shu |
| 305 | @a据原书第5版译出 | |
| 330 | @a本书首先介绍了遥感图像数据源及特性,之后各章分两部分内容:第2章至第7章主要探讨遥感图像处理的基本技术和方法,包括校正和配准、增强、变换等,第8章至第12章主要探讨遥感图像处理的应用技术和方法,包括监督/非监督分类、特征减少、多源图像分析处理等。 | |
| 461 | 0 | @1461 0@a国防电子信息技术丛书 |
| 510 | 1 | @aRemote sensing digital image analysis an introduction@zeng |
| 606 | 0 | @a遥感图象@AYao Gan Tu Xiang@x数字图象处理 |
| 606 | 0 | @a数字图象处理@AShu Zi Tu Xiang Chu Li |
| 690 | @aTP751.1@v5 | |
| 701 | 0 | @c(澳)@a约翰·a·理查兹@AYue Han aLi Cha Zi@c(John A. Richards)@4著 |
| 702 | 0 | @a张钧萍@AZhang Jun Ping@4译 |
| 702 | 0 | @a谷延锋@AGu Yan Feng@4译 |
| 702 | 0 | @a陈雨时@AChen Yu Shi@4译 |
| 801 | 0 | @aCN@bTANGWEI@20160730 |
| 905 | @b0885365-9@dTP751.1@e45=2@f5 | |
| 遥感数字图像分析导论=Remote sensing digital image analysis an introduction/(澳)John A. Richards著/张钧萍,谷延锋,陈雨时译.-2版.-北京:电子工业出版社,2015.3 |
| 11,351页:彩图;26cm.-(国防电子信息技术丛书) |
| ISBN 978-7-121-24991-4:CNY69.00 |
| 本书首先介绍了遥感图像数据源及特性,之后各章分两部分内容:第2章至第7章主要探讨遥感图像处理的基本技术和方法,包括校正和配准、增强、变换等,第8章至第12章主要探讨遥感图像处理的应用技术和方法,包括监督/非监督分类、特征减少、多源图像分析处理等。 |
| ● |
| 相关链接 |
|
|
|
|
正题名:遥感数字图像分析导论
索取号:TP751.1/45=2
 
预约/预借
| 序号 | 登录号 | 条形码 | 馆藏地/架位号 | 状态 | 备注 |
| 1 | 0885365 | 208853659 | 第二样本阅览室/ [索取号:TP751.1/45=2] | 在馆 | |
| 2 | 0885366 | 208853668 | 第三借阅区/ [索取号:TP751.1/45=2] | 在馆 | |
| 3 | 0885367 | 208853677 | 第三借阅区/ [索取号:TP751.1/45=2] | 在馆 | |
| 4 | 0885368 | 208853686 | 第三借阅区/ [索取号:TP751.1/45=2] | 在馆 | |
| 5 | 0885369 | 208853695 | 第三借阅区/ [索取号:TP751.1/45=2] | 在馆 |